000 00416pab a2200157 454500
008 180718b2003 xxu||||| |||| 00| 0 eng d
100 _aTanwar, Reicha
245 _aWomens's education in Haryana - a review
260 _c2003
300 _ap.96-109.
362 _aOct
650 _aWomens education - India - Haryana
650 _aWomens education
773 _aGuru Nanak Journal of Sociology
909 _a62262
999 _c62262
_d62262